| 000 | 00834nam a22002417a 4500 | ||
|---|---|---|---|
| 005 | 20120503155535.0 | ||
| 008 | 120503t xxu||||| |||| 00| 0 eng d | ||
| 010 | _aENG-105202 | ||
| 020 |
_a9781259025556 _c495.00 |
||
| 020 |
_a1259025551 _c495.00 |
||
| 035 | _aEN-88735 | ||
| 037 | _bDBAD/PUB | ||
| 040 |
_aDPL _bEng |
||
| 082 | _a005.133 | ||
| 100 |
_942588 _aSarang, Poornachandra |
||
| 245 |
_aJava programming / _cby Poornachandra Sarang |
||
| 260 |
_aNew Delhi _bTata McGraw Hill _c2012 |
||
| 270 |
_a7, West Patel Nagar _bNew Delhi _e110008 |
||
| 300 |
_axxv,642p. : _c24cm(pbk) _bill. |
||
| 500 | _aIncludes index | ||
| 942 |
_2ddc _cEN _h005.133 _mSAR |
||
| 999 |
_c66115 _d66115 |
||